Top 5 European Leagues Top Clean Sheets: 2012/13 - Statistics

General Stats
  • This quiz has been taken 7 times
  • The average score is 10 of 30
Answer Stats
League Clean Sheets Club Nationality Player % Correct
Serie A 16 Juventus Italy Gianluigi Buffon
100%
Premier League 18 Manchester City England Joe Hart
100%
Bundesliga 18 Bayern Munich Germany Manuel Neuer
100%
Premier League 14 Chelsea Czechia Petr Cech
100%
La Liga 20 Atletico Madrid Belgium Thibaut Courtois
100%
Premier League 11 Manchester United Spain David de Gea
86%
Premier League 14 Liverpool Spain Pepe Reina
86%
Premier League 12 Stoke Bosnia and Herzegovina Asmir Begovic
71%
Bundesliga 11 Bayer Leverkusen Germany Bernd Leno
71%
La Liga 9 Real Sociedad Chile Claudio Bravo
43%
Bundesliga 9 Borussia Monchengladbach Germany Marc-Andre ter Stegen
43%
Premier League 11 Sunderland Belgium Simon Mignolet
43%
La Liga 12 Malaga Argentina Willy Caballero
43%
La Liga 11 Real Betis Spain Adrian
14%
Primeira Liga 19 Porto Brazil Helton
14%
Bundesliga 13 Freiburg Germany Oliver Baumann
14%
La Liga 12 Osasuna Spain Andres Fernandez
0%
Primeira Liga 15 Benfica Brazil Artur Moraes
0%
Primeira Liga 12 Pacos de Ferreira Brazil Cassio
0%
Bundesliga 9 Mainz Germany Christian Wetklo
0%
Serie A 12 Fiorentina Italy Emiliano Viviano
0%
Serie A 13 Lazio Italy Federico Marchetti
0%
Serie A 12 Siena Italy Gianluca Pegolo
0%
Serie A 12 Torino Belgium Jean-Francois Gillet
0%
Premier League 11 West Ham Finland Jussi Jaaskelainen
0%
La Liga 9 Espanyol Spain Kiko Castilla
0%
Serie A 12 Catania Argentina Mariano Andujar
0%
Serie A 14 Napoli Italy Morgan De Sanctis
0%
Primeira Liga 8 Vitoria Setubal Poland Pawel Kieszek
0%
Primeira Liga 8 Estoril Brazil Vagner
0%
No matching quizzes found
Score Distribution
Percent of People with Each Score
Percentile by Number Answered
Your Score History
You have not taken this quiz